[Event "Baltic Sea Cup"]
[Site "Ronne"]
[Date "2007.08.01"]
[Round "3.20"]
[White "Ertbjerg, Andreas Lund"]
[Black "Pilgaard, Kim"]
[Result "0-1"]
[WhiteElo "2069"]
[BlackElo "2448"]
[PlyCount "50"]
[EventDate "2007.??.??"]
[EventType "swiss"]
[EventRounds "9"]
[EventCountry "DEN"]
[SourceDate "2005.12.01"]
[WhiteTeam "Denmark"]
[BlackTeam "Denmark"]
[WhiteTeamCountry "DEN"]
[BlackTeamCountry "DEN"]

1. e4 e5 2. f4 exf4 3. Nf3 g5 4. h4 g4 5. Ne5 Nf6 6. Bc4 d5 7. exd5 Bd6 8. d4
Nh5 9. Bb5+ Kf8 10. O-O Bxe5 11. dxe5 Qxh4 12. Nd2 Ng3 13. Re1 Rg8 14. b3 Rg6
15. e6 fxe6 16. Ne4 Qh1+ 17. Kf2 Nxe4+ 18. Rxe4 g3+ 19. Ke2 Qxg2+ 20. Kd3 Bd7
21. Rxf4+ Kg8 22. a4 Qxd5+ 23. Rd4 Bxb5+ 24. axb5 Qxb5+ 25. c4 Qf5+ 0-1

[Event "Baltic Sea Cup"]
[Site "Ronne"]
[Date "2007.08.01"]
[Round "3.21"]
[White "Schiendorfer, Florian"]
[Black "Hoi, Carsten"]
[Result "1-0"]
[WhiteElo "2059"]
[BlackElo "2422"]
[PlyCount "83"]
[EventDate "2007.??.??"]
[EventType "swiss"]
[EventRounds "9"]
[EventCountry "DEN"]
[SourceDate "2005.12.01"]
[WhiteTeam "Denmark"]
[BlackTeam "Denmark"]
[WhiteTeamCountry "DEN"]
[BlackTeamCountry "DEN"]

1. d4 Nf6 2. Bf4 d6 3. Nf3 g6 4. e3 Bg7 5. Be2 O-O 6. h3 Nbd7 7. O-O b6 8. a4
a5 9. c4 Bb7 10. Nc3 e6 11. Nb5 Ne4 12. Nd2 e5 13. Bh2 Ng5 14. Nf3 Ne6 15. Ra3
Kh8 16. Qd2 e4 17. Ne1 f5 18. Nc2 h5 19. b4 Bh6 20. d5 Ng5 21. Ncd4 axb4 22.
Qxb4 Nc5 23. a5 bxa5 24. Rxa5 Rb8 25. Ra7 Qe7 26. Rb1 Nxh3+ 27. gxh3 Qg5+ 28.
Kh1 Qh4 29. Qe1 f4 30. Qg1 g5 31. exf4 gxf4 32. Qg6 Rf6 33. Nf5 Rxg6 34. Nxh4
Rf6 35. f3 e3 36. Nxc7 Rg8 37. Rg1 Bg5 38. Ng2 Bc8 39. h4 Bh6 40. Ne1 Rgf8 41.
Nb5 Nb3 42. Bd3 1-0

[Event "Baltic Sea Cup"]
[Site "Ronne"]
[Date "2007.08.01"]
[Round "3.22"]
[White "Baekgaard, Martin"]
[Black "Johansen, Johnny Holler"]
[Result "1-0"]
[WhiteElo "2272"]
[BlackElo "2058"]
[PlyCount "113"]
[EventDate "2007.??.??"]
[EventType "swiss"]
[EventRounds "9"]
[EventCountry "DEN"]
[SourceDate "2005.12.01"]
[WhiteTeam "Denmark"]
[BlackTeam "Denmark"]
[WhiteTeamCountry "DEN"]
[BlackTeamCountry "DEN"]

1. c4 Nf6 2. d4 g6 3. Nc3 d5 4. cxd5 Nxd5 5. e4 Nxc3 6. bxc3 Bg7 7. Bc4 O-O 8.
Ne2 c5 9. O-O Nc6 10. Be3 cxd4 11. cxd4 Bg4 12. f3 Bd7 13. Rc1 Na5 14. Bd3 b6
15. Qd2 a6 16. d5 Bb5 17. Nd4 Bxd3 18. Qxd3 b5 19. f4 Qd7 20. Nc6 Nxc6 21. Rxc6
Rfc8 22. Qc2 b4 23. Rc1 Bc3 24. Rxc8+ Rxc8 25. Qd3 a5 26. Qa6 Qc7 27. Kf2 Qc4
28. Qxc4 Rxc4 29. Kf3 Kf8 30. Bd2 Ke8 31. Bxc3 bxc3 32. Ke3 f5 33. e5 Kd7 34.
g3 h6 35. h4 g5 36. fxg5 hxg5 37. h5 f4+ 38. Kd3 Rc8 39. gxf4 gxf4 40. h6 f3
41. Rc2 Rh8 42. Rh2 f2 43. Rxf2 Rxh6 44. Kxc3 Rh4 45. Kd3 Kc7 46. Rc2+ Kb6 47.
e6 Rh3+ 48. Ke4 Rh4+ 49. Kf5 Rh5+ 50. Kg6 Rxd5 51. Kf7 Rd1 52. Kxe7 Rf1 53. Kd7
Rd1+ 54. Ke8 Re1 55. e7 Rf1 56. Rc4 Kb5 57. Re4 1-0

[Event "Baltic Sea Cup"]
[Site "Ronne"]
[Date "2007.08.01"]
[Round "3.23"]
[White "Hornsgaard, Jens Boe"]
[Black "Ostergaard, Jens"]
[Result "1-0"]
[WhiteElo "2052"]
[BlackElo "2256"]
[PlyCount "81"]
[EventDate "2007.??.??"]
[EventType "swiss"]
[EventRounds "9"]
[EventCountry "DEN"]
[SourceDate "2005.12.01"]
[WhiteTeam "Denmark"]
[BlackTeam "Denmark"]
[WhiteTeamCountry "DEN"]
[BlackTeamCountry "DEN"]

1. e4 c6 2. d4 d5 3. Nc3 dxe4 4. Nxe4 Nd7 5. Bd3 Ngf6 6. Ng5 e6 7. N1f3 Bd6 8.
Qe2 h6 9. Ne4 Nxe4 10. Qxe4 Nf6 11. Qe2 b6 12. O-O Qc7 13. Re1 Bb7 14. Bd2
O-O-O 15. Ba6 Nd5 16. a4 Bxa6 17. Qxa6+ Kb8 18. a5 b5 19. c4 bxc4 20. Qxc4 Qb7
21. Ne5 Bxe5 22. dxe5 Qb5 23. Qc2 Ka8 24. Rec1 Ne7 25. a6 Qe2 26. Bb4 Qxc2 27.
Rxc2 Nf5 28. Rxc6 Kb8 29. g4 Rd4 30. gxf5 Rxb4 31. fxe6 fxe6 32. Rxe6 Rxb2 33.
Re7 Rf8 34. Rxg7 Rbxf2 35. Rb1+ Ka8 36. e6 Re2 37. e7 Rc8 38. Rd1 Kb8 39. Rb1+
Ka8 40. Rd1 Kb8 41. Rd8 1-0

[Event "Baltic Sea Cup"]
[Site "Ronne"]
[Date "2007.08.01"]
[Round "3.24"]
[White "Jorgensen, Jorgen"]
[Black "Tallaksen, Levi Andre"]
[Result "1-0"]
[WhiteElo "2250"]
[BlackElo "2037"]
[PlyCount "89"]
[EventDate "2007.??.??"]
[EventType "swiss"]
[EventRounds "9"]
[EventCountry "DEN"]
[SourceDate "2005.12.01"]
[WhiteTeam "Denmark"]
[BlackTeam "Denmark"]
[WhiteTeamCountry "DEN"]
[BlackTeamCountry "DEN"]

1. Nf3 Nf6 2. g3 b6 3. Bg2 Bb7 4. c4 e6 5. O-O Be7 6. d4 O-O 7. Nc3 d5 8. cxd5
exd5 9. Bf4 a6 10. Rc1 Nbd7 11. Ne5 Nxe5 12. dxe5 Ne4 13. Nxe4 dxe4 14. Qc2 Bc5
15. Rfd1 Qe7 16. b4 Bxb4 17. Qxc7 Rfd8 18. Rxd8+ Rxd8 19. Qxe7 Bxe7 20. Rc7 Bc8
21. Rxe7 g5 22. Bd2 Bg4 23. h3 Rxd2 24. hxg4 Rxe2 25. Kf1 Rxa2 26. Bxe4 Rd2 27.
Rb7 b5 28. Ra7 Rd4 29. f3 Rd8 30. Rxa6 Kg7 31. Rb6 Re8 32. Rxb5 Re7 33. Kf2 Kg8
34. f4 Re8 35. Rb7 Rd8 36. Ke3 Rd1 37. Bc2 Rd8 38. Bb3 Rf8 39. Ke4 h6 40. Kf5
Kg7 41. e6 Kg8 42. e7 Rc8 43. Rd7 Kg7 44. Rd8 Rc5+ 45. Bd5 1-0

[Event "Baltic Sea Cup"]
[Site "Ronne"]
[Date "2007.08.01"]
[Round "3.26"]
[White "Schmitz, Manuela"]
[Black "Hartvig, Ove Weiss"]
[Result "0-1"]
[WhiteElo "2031"]
[BlackElo "2232"]
[PlyCount "56"]
[EventDate "2007.??.??"]
[EventType "swiss"]
[EventRounds "9"]
[EventCountry "DEN"]
[SourceDate "2005.12.01"]
[WhiteTeam "Denmark"]
[BlackTeam "Denmark"]
[WhiteTeamCountry "DEN"]
[BlackTeamCountry "DEN"]

1. d4 f5 2. Qd3 d5 3. g4 fxg4 4. h3 Nf6 5. hxg4 Bxg4 6. Qb5+ Nc6 7. Bh3 Bd7 8.
c3 e6 9. Qxb7 Rb8 10. Qa6 Bd6 11. Nf3 Qe7 12. Na3 O-O 13. Rg1 Kh8 14. Qd3 e5
15. Nxe5 Bxe5 16. dxe5 Nxe5 17. Qe3 Bxh3 18. Qxh3 Ne4 19. Rh1 Nf3+ 20. Kf1 Nfg5
21. Bxg5 Rxf2+ 22. Ke1 Nxg5 23. Qd3 Rf3 24. Qc2 Re3 25. Kd1 Re8 26. Rh2 Qf6 27.
Kd2 Qf4 28. Rah1 Rd3+ 0-1

[Event "Baltic Sea Cup"]
[Site "Ronne"]
[Date "2007.08.01"]
[Round "3.27"]
[White "Kasparova, Tatiana"]
[Black "Frisk, Hans"]
[Result "0-1"]
[WhiteElo "2217"]
[BlackElo "2028"]
[PlyCount "86"]
[EventDate "2007.??.??"]
[EventType "swiss"]
[EventRounds "9"]
[EventCountry "DEN"]
[SourceDate "2005.12.01"]
[WhiteTeam "Denmark"]
[BlackTeam "Denmark"]
[WhiteTeamCountry "DEN"]
[BlackTeamCountry "DEN"]

1. e4 e5 2. Nf3 Nc6 3. Bb5 Nd4 4. Nxd4 exd4 5. O-O Bc5 6. d3 c6 7. Bc4 d5 8.
exd5 cxd5 9. Re1+ Ne7 10. Bb5+ Kf8 11. Nd2 Qa5 12. a4 a6 13. Nb3 Qc7 14. Nxc5
Qxc5 15. Bg5 f6 16. Qf3 Kf7 17. Bxf6 gxf6 18. Qh5+ Ng6 19. Bc4 Kg7 20. b4 Qd6
21. Bxd5 Rd8 22. Be4 Be6 23. Bxb7 Rab8 24. Qf3 Bd5 25. Bxd5 Qxd5 26. Qxd5 Rxd5
27. Re6 Rxb4 28. Rxa6 Rc5 29. Ra7+ Kh6 30. Rf7 Kg5 31. g3 Rxc2 32. h4+ Kf5 33.
Rxh7 Rbb2 34. Rf1 Ne5 35. h5 Kg5 36. Rg7+ Kxh5 37. Kg2 Kh6 38. Rg8 Kh7 39. Rd8
Nxd3 40. Rxd4 Nxf2 41. Kf3 Rb3+ 42. Kf4 Kg6 43. g4 Re2 0-1

[Event "Baltic Sea Cup"]
[Site "Ronne"]
[Date "2007.08.01"]
[Round "3.28"]
[White "Zhao, Parker"]
[Black "Grandadam, Nicolas"]
[Result "1-0"]
[WhiteElo "2180"]
[BlackElo "2022"]
[PlyCount "115"]
[EventDate "2007.??.??"]
[EventType "swiss"]
[EventRounds "9"]
[EventCountry "DEN"]
[SourceDate "2005.12.01"]
[WhiteTeam "Denmark"]
[BlackTeam "Denmark"]
[WhiteTeamCountry "DEN"]
[BlackTeamCountry "DEN"]

1. e4 c5 2. Nf3 a6 3. d3 g6 4. g3 Bg7 5. Bg2 e6 6. O-O Ne7 7. c3 Nbc6 8. Be3 d6
9. Qd2 f5 10. Na3 O-O 11. Ne1 Rb8 12. f3 b5 13. d4 b4 14. Nac2 bxc3 15. bxc3
Qa5 16. Rf2 Rb2 17. Nd3 Rxa2 18. Rxa2 Qxa2 19. dxc5 d5 20. Ndb4 Qc4 21. Bf1
Qxc3 22. exd5 Nxb4 23. Nxb4 Qxd2 24. Bxd2 Bd4 25. d6 Nd5 26. Nxd5 exd5 27. c6
Rd8 28. d7 Bxd7 29. Ba5 Bxc6 30. Bxd8 Bb7 31. Kg2 Bxf2 32. Kxf2 Kf7 33. Ke3 Ke6
34. Kd4 Bc8 35. f4 Bb7 36. Kc5 Bc8 37. Ba5 h6 38. Bg2 Bb7 39. Kb6 Ba8 40. Kxa6
Bc6 41. Kb6 Ba4 42. Kc5 Bb3 43. h4 h5 44. Bc3 Bc4 45. Bd4 Bb3 46. Bf1 Ba2 47.
Bb5 Ke7 48. Bc6 Bb3 49. Bxd5 Ba4 50. Be5 Bd7 51. Bd6+ Kf6 52. Bf8 Ba4 53. Kd6
Bb5 54. Bh6 Be8 55. Bg5+ Kg7 56. Ke7 Ba4 57. Bf6+ Kh7 58. Kf8 1-0

[Event "Baltic Sea Cup"]
[Site "Ronne"]
[Date "2007.08.01"]
[Round "3.29"]
[White "Svendsen, Mads Bilde"]
[Black "Andersen, Daniel"]
[Result "1-0"]
[WhiteElo "2178"]
[BlackElo "1997"]
[PlyCount "37"]
[EventDate "2007.??.??"]
[EventType "swiss"]
[EventRounds "9"]
[EventCountry "DEN"]
[SourceDate "2005.12.01"]
[WhiteTeam "Denmark"]
[BlackTeam "Denmark"]
[WhiteTeamCountry "DEN"]
[BlackTeamCountry "DEN"]

1. d4 Nf6 2. c4 g6 3. Nc3 d5 4. Nf3 Bg7 5. Qb3 dxc4 6. Qxc4 O-O 7. e4 Nfd7 8.
Be3 Nb6 9. Qb3 Bg4 10. Rd1 Nc6 11. d5 Ne5 12. Be2 Nxf3+ 13. gxf3 Bh3 14. Rg1
Qc8 15. a4 Nd7 16. Rg3 Nf6 17. f4 Bd7 18. e5 Ng4 19. e6 1-0

[Event "Baltic Sea Cup"]
[Site "Ronne"]
[Date "2007.08.01"]
[Round "3.30"]
[White "Glibstrup, Jakob"]
[Black "Poulsen, Iver"]
[Result "0-1"]
[WhiteElo "1939"]
[BlackElo "2178"]
[PlyCount "106"]
[EventDate "2007.??.??"]
[EventType "swiss"]
[EventRounds "9"]
[EventCountry "DEN"]
[SourceDate "2005.12.01"]
[WhiteTeam "Denmark"]
[BlackTeam "Denmark"]
[WhiteTeamCountry "DEN"]
[BlackTeamCountry "DEN"]

1. e4 c5 2. Nf3 d6 3. d4 cxd4 4. Nxd4 Nf6 5. Nc3 a6 6. f3 e6 7. Be3 b5 8. Qd2
Nbd7 9. O-O-O Bb7 10. g4 Nb6 11. g5 Nfd7 12. h4 b4 13. Nb1 d5 14. Qg2 Qc7 15.
g6 hxg6 16. Nxe6 Qe5 17. Nxf8 Kxf8 18. Qd2 Qe7 19. Bg5 f6 20. Bf4 g5 21. Bg3
gxh4 22. exd5 Kg8 23. Bxh4 Bxd5 24. Re1 Ne5 25. Bg2 Qb7 26. Qxb4 Rc8 27. Re3
Rc4 28. Qe1 Rf4 29. Bxf6 Rxh1 30. Bxh1 gxf6 31. Qg3+ Qg7 32. Qxf4 Qg1+ 33. Kd2
Nbc4+ 34. Ke2 Nxe3 35. Qxe3 Qxb1 36. Bg2 Qxc2+ 37. Qd2 Qxd2+ 38. Kxd2 Bxf3 39.
Bf1 Bb7 40. Ke3 Kf7 41. Kf4 a5 42. Ke3 Ke7 43. Kd4 Kd6 44. b3 Bd5 45. Kc3 Kc5
46. a3 Nc6 47. b4+ Nxb4 48. axb4+ axb4+ 49. Kb2 f5 50. Kc2 Kd4 51. Kd2 Be4 52.
Be2 b3 53. Bd1 b2 0-1

[Event "Baltic Sea Cup"]
[Site "Ronne"]
[Date "2007.08.01"]
[Round "3.31"]
[White "Christiansen, Jens Jorgen"]
[Black "Knudsen, Jes West"]
[Result "1-0"]
[WhiteElo "2159"]
[BlackElo "1990"]
[PlyCount "87"]
[EventDate "2007.??.??"]
[EventType "swiss"]
[EventRounds "9"]
[EventCountry "DEN"]
[SourceDate "2005.12.01"]
[WhiteTeam "Denmark"]
[BlackTeam "Denmark"]
[WhiteTeamCountry "DEN"]
[BlackTeamCountry "DEN"]

1. d4 f5 2. g3 g6 3. Bg2 Bg7 4. Nh3 Nf6 5. O-O O-O 6. c4 d6 7. d5 c5 8. Nc3 Na6
9. Nf4 Nc7 10. Qc2 Rb8 11. a4 g5 12. Nd3 h6 13. f4 Ng4 14. e3 e5 15. h3 e4 16.
Nxc5 gxf4 17. gxf4 Nxe3 18. Bxe3 dxc5 19. Bxc5 Rf7 20. Bxa7 Ra8 21. Be3 Ra6 22.
Kh2 Ne8 23. Rg1 Nf6 24. Qf2 h5 25. Bf1 Ng4+ 26. hxg4 hxg4 27. Rh1 Rh6+ 28. Kg1
Rxh1+ 29. Kxh1 Bf6 30. Bg2 Bh4 31. Qd2 Bg3 32. Ne2 Rh7+ 33. Kg1 Bh2+ 34. Kf1
Qh4 35. c5 g3 36. a5 Qg4 37. Nd4 Bd7 38. Qe2 Qxe2+ 39. Kxe2 Be8 40. a6 bxa6 41.
Rxa6 Rb7 42. Rb6 Bh5+ 43. Kd2 Ra7 44. c6 1-0

[Event "Baltic Sea Cup"]
[Site "Ronne"]
[Date "2007.08.01"]
[Round "3.33"]
[White "Rasmussen, Morten"]
[Black "Hindenes, Andreas Kvinge"]
[Result "1-0"]
[WhiteElo "1979"]
[BlackElo "1664"]
[PlyCount "55"]
[EventDate "2007.??.??"]
[EventType "swiss"]
[EventRounds "9"]
[EventCountry "DEN"]
[SourceDate "2005.12.01"]
[WhiteTeam "Denmark"]
[BlackTeam "Denmark"]
[WhiteTeamCountry "DEN"]
[BlackTeamCountry "DEN"]

1. d4 Nf6 2. Nf3 g6 3. Bg5 Bg7 4. c3 O-O 5. Nbd2 d6 6. e4 Nbd7 7. Bd3 e5 8. O-O
h6 9. Bh4 c5 10. Re1 Qc7 11. Rc1 Nb6 12. Nc4 Nxc4 13. Bxc4 g5 14. Bg3 Nh5 15.
dxe5 dxe5 16. Bxe5 Bxe5 17. Nxe5 Nf6 18. Nf3 Bg4 19. Re3 Rfe8 20. Qc2 Re7 21.
e5 Nd7 22. Qg6+ Kf8 23. Qxh6+ Ke8 24. e6 Bxe6 25. Bxe6 fxe6 26. Rxe6 Rxe6 27.
Qxe6+ Kf8 28. Qh6+ 1-0

[Event "Baltic Sea Cup"]
[Site "Ronne"]
[Date "2007.08.01"]
[Round "3.34"]
[White "Glibstrup, Michael"]
[Black "Radil, Casper"]
[Result "1-0"]
[WhiteElo "1969"]
[BlackElo "2107"]
[PlyCount "33"]
[EventDate "2007.??.??"]
[EventType "swiss"]
[EventRounds "9"]
[EventCountry "DEN"]
[SourceDate "2005.12.01"]
[WhiteTeam "Denmark"]
[BlackTeam "Denmark"]
[WhiteTeamCountry "DEN"]
[BlackTeamCountry "DEN"]

1. Nf3 d5 2. d4 Nf6 3. Bf4 e6 4. e3 c5 5. c3 Be7 6. Bd3 O-O 7. Nbd2 cxd4 8.
exd4 b6 9. Ne5 a5 10. O-O Ba6 11. Ndf3 Bxd3 12. Qxd3 Qc8 13. Rfe1 Qa6 14. Qc2
Ra7 15. Ng5 h6 16. Ngxf7 Bd8 17. Qg6 1-0

[Event "Baltic Sea Cup"]
[Site "Ronne"]
[Date "2007.08.01"]
[Round "3.35"]
[White "Stovring, Claus"]
[Black "Olsen, Lars Moller"]
[Result "1-0"]
[WhiteElo "2089"]
[BlackElo "1961"]
[PlyCount "73"]
[EventDate "2007.??.??"]
[EventType "swiss"]
[EventRounds "9"]
[EventCountry "DEN"]
[SourceDate "2005.12.01"]
[WhiteTeam "Denmark"]
[BlackTeam "Denmark"]
[WhiteTeamCountry "DEN"]
[BlackTeamCountry "DEN"]

1. e4 Nf6 2. e5 Nd5 3. d4 d6 4. c4 Nb6 5. Nf3 Bg4 6. Be2 Nc6 7. exd6 cxd6 8.
O-O e6 9. d5 exd5 10. cxd5 Bxf3 11. Bxf3 Ne5 12. Re1 Be7 13. Be4 Nbd7 14. Nc3
O-O 15. Be3 Nf6 16. Bb1 Re8 17. Bd4 Ned7 18. Re3 Bf8 19. Rh3 g6 20. f4 Bg7 21.
Bc2 Nh5 22. Bxg7 Nxg7 23. Qd4 Qb6 24. Qxb6 Nxb6 25. Rf1 Nc4 26. Ne4 Rxe4 27.
Bxe4 Nd2 28. Re1 Re8 29. Rhe3 Nc4 30. R3e2 Nh5 31. g3 Nf6 32. Bg2 Kf8 33. Rxe8+
Nxe8 34. Rc1 Nxb2 35. Rb1 Nd3 36. Rxb7 Nf6 37. Rxa7 1-0

[Event "Baltic Sea Cup"]
[Site "Ronne"]
[Date "2007.08.01"]
[Round "3.36"]
[White "Schmitz, Andreas Arnold"]
[Black "Ascenso, Luis Manuel Pereira"]
[Result "1-0"]
[WhiteElo "2081"]
[BlackElo "1950"]
[PlyCount "77"]
[EventDate "2007.??.??"]
[EventType "swiss"]
[EventRounds "9"]
[EventCountry "DEN"]
[SourceDate "2005.12.01"]
[WhiteTeam "Denmark"]
[BlackTeam "Denmark"]
[WhiteTeamCountry "DEN"]
[BlackTeamCountry "DEN"]

1. e4 e5 2. Nf3 Nc6 3. Bc4 Be7 4. Nc3 Nf6 5. d3 O-O 6. Nd5 h6 7. Nxe7+ Qxe7 8.
a3 Nd4 9. Nxd4 exd4 10. O-O c6 11. f4 d5 12. exd5 c5 13. f5 a6 14. Qf3 Re8 15.
Kf2 Qd7 16. a4 Re5 17. g4 Nxg4+ 18. Qxg4 Rxf5+ 19. Bf4 g5 20. Kg2 Rxf4 21. Qxd7
Bxd7 22. Rxf4 gxf4 23. a5 Re8 24. Kf3 Re3+ 25. Kxf4 Re2 26. Ra3 Bb5 27. Rb3
Bxc4 28. dxc4 Rxc2 29. d6 Kf8 30. Rxb7 Ke8 31. Ke5 Rxc4 32. Kd5 Rb4 33. Re7+
Kf8 34. Kxc5 d3 35. Re3 Rb5+ 36. Kc6 d2 37. Rd3 Ke8 38. Rxd2 Re5 39. Rg2 1-0

[Event "Baltic Sea Cup"]
[Site "Ronne"]
[Date "2007.08.01"]
[Round "3.37"]
[White "Nilsen, Joachim Birger"]
[Black "Andersen, Lars Ren"]
[Result "0-1"]
[WhiteElo "1958"]
[BlackElo "2081"]
[PlyCount "108"]
[EventDate "2007.??.??"]
[EventType "swiss"]
[EventRounds "9"]
[EventCountry "DEN"]
[SourceDate "2005.12.01"]
[WhiteTeam "Denmark"]
[BlackTeam "Denmark"]
[WhiteTeamCountry "DEN"]
[BlackTeamCountry "DEN"]

1. Nf3 d5 2. d4 c6 3. c4 Nf6 4. Nc3 a6 5. c5 Bf5 6. g3 e6 7. Bg2 Be7 8. O-O h6
9. b4 Nbd7 10. Qb3 O-O 11. Bf4 Re8 12. Rfd1 Rc8 13. a4 g5 14. Bd2 Bf8 15. Nb1
Ne4 16. Bc1 e5 17. dxe5 Nxe5 18. Nxe5 Rxe5 19. Bb2 Re6 20. Nd2 Nxd2 21. Qc3 f6
22. Rxd2 Bg7 23. Re1 Qe8 24. Qd4 Qe7 25. e3 Re8 26. Rde2 Be4 27. Bh3 f5 28.
Qxg7+ Qxg7 29. Bxg7 Kxg7 30. Rb2 g4 31. Bf1 Bf3 32. b5 cxb5 33. axb5 d4 34. Rb3
Re4 35. Rd3 dxe3 36. Rexe3 Rxe3 37. fxe3 axb5 38. Rd7+ Kf6 39. Bxb5 Rxe3 40.
Kf2 Rc3 41. Rc7 Ke5 42. Rd7 Ke4 43. Re7+ Kd4 44. Bd7 Rxc5 45. Rh7 Rc2+ 46. Kf1
Ke3 47. Re7+ Be4 48. Rxe4+ fxe4 49. Bxg4 Rxh2 50. Bc8 b5 51. g4 b4 52. Be6 Kf3
53. Kg1 Rg2+ 54. Kf1 Rxg4 0-1

[Event "Baltic Sea Cup"]
[Site "Ronne"]
[Date "2007.08.01"]
[Round "3.38"]
[White "Skjoldager, Nicklas"]
[Black "Noer, Martin Stampe"]
[Result "0-1"]
[WhiteElo "2077"]
[BlackElo "1766"]
[PlyCount "58"]
[EventDate "2007.??.??"]
[EventType "swiss"]
[EventRounds "9"]
[EventCountry "DEN"]
[SourceDate "2005.12.01"]
[WhiteTeam "Denmark"]
[BlackTeam "Denmark"]
[WhiteTeamCountry "DEN"]
[BlackTeamCountry "DEN"]

1. e4 c6 2. d4 d5 3. e5 Bf5 4. Nc3 Qb6 5. g4 Bd7 6. Bg2 e6 7. Nge2 c5 8. Be3
cxd4 9. Bxd4 Bc5 10. Bxc5 Qxc5 11. O-O Nc6 12. Na4 Qa5 13. Nac3 Nxe5 14. Qd4 f6
15. Rfe1 Ne7 16. Rad1 Rc8 17. g5 Rc4 18. Qe3 Nf5 19. Qd2 Rg4 20. Ng3 Nh4 21.
Qe2 Nxg2 22. Kxg2 O-O 23. f3 Rb4 24. gxf6 Ng6 25. Nh5 d4 26. f4 Qxh5 27. Kg1
Qxe2 28. Nxe2 Rxf6 29. Nxd4 Nxf4 0-1

[Event "Baltic Sea Cup"]
[Site "Ronne"]
[Date "2007.08.01"]
[Round "3.39"]
[White "Zachariassen, John"]
[Black "Hoffmann, Steffen"]
[Result "0-1"]
[WhiteElo "1939"]
[BlackElo "2076"]
[PlyCount "52"]
[EventDate "2007.??.??"]
[EventType "swiss"]
[EventRounds "9"]
[EventCountry "DEN"]
[SourceDate "2005.12.01"]
[WhiteTeam "Denmark"]
[BlackTeam "Denmark"]
[WhiteTeamCountry "DEN"]
[BlackTeamCountry "DEN"]

1. f4 d5 2. Nf3 g6 3. e3 Bg7 4. Be2 Nh6 5. O-O O-O 6. Qe1 Nd7 7. a4 a5 8. Na3
c6 9. Rb1 e5 10. Ng5 exf4 11. exf4 Nf5 12. Kh1 Re8 13. Qd1 Qe7 14. Bd3 Nc5 15.
Bxf5 Bxf5 16. d3 Nxa4 17. g4 Bd7 18. f5 Qe2 19. fxg6 fxg6 20. h3 Qxd1 21. Rxd1
Re2 22. d4 Rf8 23. Bd2 Bxd4 24. Bxa5 Ba7 25. Nc4 Rxc2 26. Nd2 b6 0-1

[Event "Baltic Sea Cup"]
[Site "Ronne"]
[Date "2007.08.01"]
[Round "3.40"]
[White "Nielsen, Rasmus Lundberg"]
[Black "Andersen, Rune"]
[Result "0-1"]
[WhiteElo "1795"]
[BlackElo "2076"]
[PlyCount "56"]
[EventDate "2007.??.??"]
[EventType "swiss"]
[EventRounds "9"]
[EventCountry "DEN"]
[SourceDate "2005.12.01"]
[WhiteTeam "Denmark"]
[BlackTeam "Denmark"]
[WhiteTeamCountry "DEN"]
[BlackTeamCountry "DEN"]

1. e4 c5 2. Nf3 Nc6 3. Nc3 g6 4. d4 cxd4 5. Nxd4 Bg7 6. Be3 Nf6 7. Nxc6 bxc6 8.
e5 Nd5 9. Nxd5 cxd5 10. Qxd5 Rb8 11. Bd4 O-O 12. O-O-O Bb7 13. Qc5 Rc8 14. Qxa7
Be4 15. Bd3 Bxg2 16. Bb6 Qe8 17. Rhg1 Bf3 18. Rde1 Ra8 19. Qc7 Rxa2 20. Bc4
Ra1+ 21. Kd2 Ra8 22. b3 Ra2 23. Rg3 Bc6 24. b4 Ra4 25. Bc5 Bh6+ 26. Kc3 Qa8 27.
Bxe7 Rc8 28. Qd6 Bd5 0-1

[Event "Baltic Sea Cup"]
[Site "Ronne"]
[Date "2007.08.01"]
[Round "3.41"]
[White "Berg, Peter"]
[Black "Titu Maiorescu, Dorin"]
[Result "1/2-1/2"]
[WhiteElo "1966"]
[BlackElo "2273"]
[PlyCount "129"]
[EventDate "2007.??.??"]
[EventType "swiss"]
[EventRounds "9"]
[EventCountry "DEN"]
[SourceDate "2005.12.01"]
[WhiteTeam "Denmark"]
[BlackTeam "Denmark"]
[WhiteTeamCountry "DEN"]
[BlackTeamCountry "DEN"]

1. d4 b6 2. e4 Bb7 3. Bd3 e6 4. Nf3 g6 5. O-O Bg7 6. Be3 Ne7 7. Nbd2 d6 8. Qe2
a6 9. Rfe1 Nd7 10. Rac1 O-O 11. Nf1 c5 12. c3 h6 13. Ng3 e5 14. dxe5 Nxe5 15.
Nxe5 dxe5 16. Rcd1 Qc7 17. Rd2 Rfd8 18. Red1 Nc6 19. h4 Qe7 20. h5 b5 21. hxg6
fxg6 22. Qg4 Kh7 23. Bc2 Rxd2 24. Rxd2 Rd8 25. Qd1 Rxd2 26. Qxd2 Nb8 27. Ne2
Nd7 28. b3 Bf8 29. f3 Bc6 30. Bf2 Qe6 31. Bh4 Be7 32. Bf2 Bg5 33. Be3 Bxe3+ 34.
Qxe3 Qd6 35. Qd3 Qe7 36. g3 g5 37. Kf2 Kg7 38. g4 Nf6 39. Ng3 Bd7 40. Nf5+ Bxf5
41. exf5 Kf8 42. a4 e4 43. fxe4 Nxg4+ 44. Kg3 h5 45. Kg2 h4 46. Qe2 Ne5 47.
axb5 axb5 48. Qxb5 Qd6 49. Qe2 g4 50. Qd1 h3+ 51. Kh1 Qc7 52. Qd2 Nf7 53. Qh2
Qe7 54. Qb8+ Kg7 55. Qf4 Qh4 56. f6+ Qxf6 57. Qxg4+ Ng5 58. Qf5 Qe7 59. Bd3 Kh6
60. Qf4 Kg7 61. Qf5 Qf6 62. Qxf6+ Kxf6 63. Kh2 Ke5 64. b4 cxb4 65. cxb4 1/2-1/2

[Event "Baltic Sea Cup"]
[Site "Ronne"]
[Date "2007.08.01"]
[Round "3.42"]
[White "Grandadam, Patrick"]
[Black "Willumsen, Niels Henrik"]
[Result "0-1"]
[WhiteElo "1918"]
[BlackElo "2215"]
[PlyCount "82"]
[EventDate "2007.??.??"]
[EventType "swiss"]
[EventRounds "9"]
[EventCountry "DEN"]
[SourceDate "2005.12.01"]
[WhiteTeam "Denmark"]
[BlackTeam "Denmark"]
[WhiteTeamCountry "DEN"]
[BlackTeamCountry "DEN"]

1. d4 Nf6 2. c4 g6 3. Nc3 Bg7 4. e4 d6 5. Nf3 O-O 6. Be2 e5 7. O-O Nc6 8. d5
Ne7 9. Ne1 Nd7 10. f3 f5 11. g4 f4 12. h4 h6 13. Nd3 Bf6 14. Qe1 Kh7 15. Kg2
Nb6 16. Rh1 Nxc4 17. Nxf4 exf4 18. Bxc4 Be5 19. Bd2 Ng8 20. Rb1 Nf6 21. Be2 Qd7
22. Qg1 c5 23. dxc6 bxc6 24. Kf1 Qf7 25. b3 Be6 26. Nd1 Bxg4 27. fxg4 Nxe4 28.
Be1 f3 29. Bd3 f2 30. Bxf2 Nd2+ 31. Ke2 Nxb1 32. Bxb1 Qf3+ 33. Kd2 Rae8 34. h5
Qd5+ 35. Bd3 Qa5+ 36. Kc1 Qxa2 37. Bxg6+ Kg8 38. Bxe8 Rxe8 39. Rh3 Bf4+ 40. Be3
Re5 41. Bxf4 Re2 0-1

[Event "Baltic Sea Cup"]
[Site "Ronne"]
[Date "2007.08.01"]
[Round "3.43"]
[White "Wiwe, Andreas"]
[Black "Hansen, Ib Lynaes"]
[Result "1-0"]
[WhiteElo "2187"]
[BlackElo "1926"]
[PlyCount "65"]
[EventDate "2007.??.??"]
[EventType "swiss"]
[EventRounds "9"]
[EventCountry "DEN"]
[SourceDate "2005.12.01"]
[WhiteTeam "Denmark"]
[BlackTeam "Denmark"]
[WhiteTeamCountry "DEN"]
[BlackTeamCountry "DEN"]

1. e4 c5 2. Nf3 g6 3. d4 Bg7 4. Nc3 cxd4 5. Nxd4 d6 6. Be3 Nf6 7. f3 Nc6 8. Qd2
h5 9. Bc4 a6 10. O-O-O Bd7 11. Bb3 Na5 12. Nd5 Nxb3+ 13. Nxb3 Nxd5 14. exd5 Rc8
15. Bd4 Bh6 16. f4 Rg8 17. Kb1 Bf5 18. Rc1 Rc4 19. Rhe1 b5 20. g3 Qc7 21. Bf6
e6 22. Nd4 e5 23. Nxf5 gxf5 24. Qe2 Rg6 25. fxe5 Re4 26. Qxh5 Bxc1 27. Rxe4
fxe4 28. Qh8+ Kd7 29. e6+ fxe6 30. Qh7+ Kc8 31. Qxg6 e5 32. Qe8+ Kb7 33. Qc6+
1-0